000 00407 a2200157 4500
001 176302
020 _a
040 _cMagnum
100 _aGiovanni, Jose Ruy
240 1 0 _aMatematica: matrizes, determinantes e sistemas lineares/v.6
_lpor
245 1 0 _aMatematica: matrizes, determinantes e sistemas lineares/v.6
362 0 _a1899
440 1 _aFTD
697 _aMAGNITO: PARADIDATICO
942 _cBK
999 _c176302
_d176302